All Fast and the Furious Movies - Statistics

General Stats
  • This quiz has been taken 303 times
    155 since last reset
  • The average score is 9 of 13
Answer Stats
Year Movie % Correct
2001 The Fast and the Furious
98%
2006 The Fast and the Furious: Tokyo Drift
89%
2009 Fast and Furious
88%
2003 2 Fast 2 Furious
82%
2023 Fast X
78%
2011 Fast Five
74%
2013 Fast and Furious 6
66%
2021 F9: The Fast Saga
62%
2019 Fast and Furious Presents: Hobbs and Shaw
60%
2015 Furious 7
60%
2017 The Fate of the Furious
56%
2025 Fast and Furious 11
48%
TBD Fast and Furious Presents: Hobbs and Reyes
4%
No matching quizzes found
Score Distribution
Percent of People with Each Score
Percentile by Number Answered
Your Score History
You have not taken this quiz since the last reset